Facebook - si mi (ne)priateľom?

Bibliographic Details
Main Author: Kováčová, Anna (Author)
Format: Article
Language:Slovak
ISSN:1336-8184
Subjects:

MARC

LEADER 00000nab a2200000 ar4500
001 vtls010466107
003 SK-MaSNL
005 20260303093818.0
008 121105c2012 xo br|p||| |000 b|slo
015 |a SNBRB2012/11 
038 |a SPK 
040 |a SPKCL  |b slo  |c AACR2  |e AACR2 
041 0 |a slo  |b slo 
044 |a xo  |c SK 
072 7 |a 004.7  |x Počítačové siete  |2 konspekt 
072 7 |a 316.4  |x Sociálne procesy  |2 konspekt 
080 |a 004.738.5:316.472.4  |2 2001 
080 |a 316.472.4  |2 2001 
100 1 |a Kováčová, Anna  |4 aut  |9 6261 
245 1 0 |a Facebook - si mi (ne)priateľom?  |c Anna Kováčová 
650 0 7 |a sociálne siete  |2 snkbucl  |9 71323 
650 0 7 |a Facebook (sociálna sieť)  |2 snkbucl  |9 131292 
773 0 |t Família  |g Roč. XXVIII, č. 5(2012), s. 28-29  |x 1336-8184 
852 |a SPK  |b KIS3GCP 
999 |c 1817321  |d 1819251